000 00410nam a2200181Ia 4500
001 2836
005 20260306144836.0
008 260306t2001||||xx |||||||||||||| ||spa||
041 _aESP
082 _a230.2
_bT69 T. 4
100 _aTómas de Aquino, Santo
_eAUT
245 0 _aSuma de teología
260 _c2001
300 _aT. 4
_c24 cm.
650 _aGEN
654 _aCHU
942 _cLIB
_dJUS
_fJUS
_2ddc
_n
999 _c2836
_d2836